| 000 | 00893nam a2200277 i 4500 | ||
|---|---|---|---|
| 001 | 68877 | ||
| 003 | ES-MaACL | ||
| 005 | 20250626063142.0 | ||
| 007 | t| | ||
| 008 | 040715s2000 sp |||| | spa d | ||
| 020 | _a84-339-1202-X | ||
| 080 | _a070(73)"19" | ||
| 080 | _a820(73)-43"19"(082.2) | ||
| 100 | 0 |
_aWolfe, Tom, _d1931- _9117247 |
|
| 245 | 1 | 3 |
_aEl nuevo periodismo / _cTom Wolfe ; traducción de José Luis Guarner. |
| 260 |
_aBarcelona : _bAnagrama, _c[2000] |
||
| 300 |
_a214 p ; _c20 cm. |
||
| 490 | 1 |
_aContraseñas ; _v2 |
|
| 505 | 8 |
_aContiene: ; _tAntología del nuevo periodismo |
|
| 650 | 4 |
_aPeriodismo- _zEstados Unidos. _915947 |
|
| 650 | 1 | 4 |
_aArtículos periodísticos- _zEstados Unidos. _9149456 |
| 740 | 0 | _aAntología del nuevo periodismo. | |
| 830 | 0 |
_aContraseñas ; _v2 _9179727 |
|
| 852 |
_aES-MaACL _jL-28093 _bR.134075 |
||
| 999 |
_c68877 _d68877 |
||